A. WESLEY POWELL LEARNING RESOURCE CENTRE (WPLRC)

Wonderful Place to Learn, Research & Collaborate

The practice of social research / (Record no. 60)

MARC details
000 -LEADER
fixed length control field 00762mam a2200265 a 4500
001 - ACCESSION NUMBER
control field 30064
003 - CONTROL NUMBER IDENTIFIER
control field OSt
005 - DATE AND TIME OF LATEST TRANSACTION
control field 20140908110954.0
008 - FIXED-LENGTH DATA ELEMENTS--GENERAL INFORMATION
fixed length control field 000510s2001 nyua b 001 0 eng
020 ## - INTERNATIONAL STANDARD BOOK NUMBER
International Standard Book Number 0534574742
035 ## - SYSTEM CONTROL NUMBER
System control number (OCoLC)ocm44076041
040 ## - CATALOGING SOURCE
Original cataloging agency DLC
Transcribing agency DLC
050 00 - LIBRARY OF CONGRESS CALL NUMBER
Classification number H62
Item number .B2 2001
082 00 - DEWEY DECIMAL CLASSIFICATION NUMBER
Classification number 300.07
Edition number 21
100 1# - MAIN ENTRY--PERSONAL NAME
Personal name Babbie, Earl R.
245 14 - TITLE STATEMENT
Title The practice of social research /
Statement of responsibility, etc. Earl Babbie.
250 ## - EDITION STATEMENT
Edition statement 9th ed.
260 ## - PUBLICATION, DISTRIBUTION, ETC. (IMPRINT)
Place of publication, distribution, etc. Belmont, CA :
Name of publisher, distributor, etc. Wadsworth Thomson Learning,
Date of publication, distribution, etc. c2001.
300 ## - PHYSICAL DESCRIPTION
Extent 1 v. (various pagings) :
Other physical details ill. ;
Dimensions 24 cm.
504 ## - BIBLIOGRAPHY, ETC. NOTE
Bibliography, etc Includes bibliographical references (p. B1-B11) and index.
650 #0 - SUBJECT ADDED ENTRY--TOPICAL TERM
Topical term or geographic name as entry element Social sciences
General subdivision Research.
650 #0 - SUBJECT ADDED ENTRY--TOPICAL TERM
Topical term or geographic name as entry element Social sciences
General subdivision Methodology.
942 ## - ADDED ENTRY ELEMENTS (KOHA)
Source of classification or shelving scheme Dewey Decimal Classification
Koha item type Books
Holdings
Withdrawn status Lost status Source of classification or shelving scheme Damaged status Not for loan Collection code Home library Current library Date acquired Total Checkouts Full call number Barcode Date last seen Price effective from Koha item type
    Dewey Decimal Classification   Not For Loan Reference Wesley Powell Learning Resource Centre Wesley Powell Learning Resource Centre 09/08/2014   RBC/300.07 BAB 30064 09/08/2014 09/08/2014 Books